00390 2200157 4500001002100000008004100021035002000062245002600082100001400108260003200122300002200154020002200176084001400198082000800212990001200220INLIS000000000002883 IND  a0010-0925000230 aAku PadamucAlly Jane aAlly Jane aJakartabRumah Ornayec2014 a292c(13 x 19 cm) a978-602-1588-65-9 a813 ALL a a813 a0755105